| 000 | 00000nam 2200000za 4500 |
| 001 | 9.836022 |
| 003 | CaOODSP |
| 005 | 20250509081905 |
| 007 | cr ||||||||||| |
| 008 | 170501s1916 onc #o f000 0 fre d |
| 040 | |aCaOODSP|bfre |
| 043 | |an-cn-on |
| 086 | 1 |aM46-48F-PDF |
| 245 | 00|aQuelques mythes et contes des Ojibwa du sud-est d'Ontario |h[ressource électronique] / |crecueillis par Paul Radin. |
| 260 | |aOttawa : |bCanada Ministère des Mines, Commission géologique, |c1916. |
| 300 | |a94 p., v. |
| 490 | 1 |aMémoire (Commission géologique) ; |v48 |
| 490 | 0 |aSérie anthropologique ; |vno 2 |
| 500 | |a« No 1327. » |
| 500 | |aPublié aussi en anglais sous le titre: Some myths and tales of the Ojibwa of Southeastern Ontario. |
| 500 | |aÉdition numérisée de l’imprimé [par Affaires autochtones et du Nord Canada]. |
| 520 | |aUne collection de mythes et contes des Ojibwa du sud-est d'Ontario. |
| 692 | 07|2gccst|aIndiens |
| 692 | 07|2gccst|aFolklore |
| 692 | 07|2gccst|aCoutume |
| 700 | 1 |aRadin, Paul, |d1883-1959. |
| 710 | 1 |aCanada. |bMinistère des mines. |
| 710 | 2 |aCommission géologique du Canada. |
| 775 | 08|tSome myths and tales of the Ojibwa of Southeastern Ontario |w(CaOODSP)9.836017 |
| 830 | #0|aMémoire (Commission géologique)|v48.|w(CaOODSP)9.515890 |
| 856 | 40|qPDF|s9.20 Mo|uhttps://publications.gc.ca/collections/collection_2017/aanc-inac/M46-48-fra.pdf |